|
|
|
|
| LEADER |
00000nam a2200000 a 4500 |
| 001 |
vtls001382599 |
| 003 |
SK-MaSNL |
| 005 |
20260302000747.0 |
| 008 |
240314s1901 xx 0 und |
| 035 |
|
|
|a SNK000336651
|
| 040 |
|
|
|a SNK
|b slo
|c SNK
|e AACR2
|
| 041 |
0 |
|
|a und
|
| 044 |
|
|
|a xx
|
| 100 |
1 |
|
|a Kubínyi, Ferencz
|4 aut
|9 534619
|
| 245 |
1 |
0 |
|a A Felső-Kubíni
|
| 260 |
|
|
|a Budapest
|b [Franklin]
|c 1901
|
| 300 |
|
|
|a 460 s.
|
| 958 |
|
|
|a ONDV
|
| 999 |
|
|
|c 980983
|d 982913
|
| 952 |
|
|
|t P60, <04>, [BOOK], {604}
|a SNK
|b SNK
|y VYP
|7 0
|p 17A0227801
|o snkSC 8614/1 D1
|0 0
|1 0
|4 0
|d 2000-02-09
|l 0
|r 2005-01-02 00:00:00
|w 2026-02-24
|
| 952 |
|
|
|a SNK
|b SNK
|y PREZ
|7 0
|p 17A0794921
|o snkSC 8614/1
|i snkKSK 1895/56
|8 3
|0 0
|1 0
|4 0
|d 2012-03-12
|l 0
|r 2025-07-09 00:00:00
|w 2026-02-24
|